Public places, urban spaces (Record no. 34138)

MARC details
000 -LEADER
fixed length control field 00456nam a2200181Ia 4500
020 ## - INTERNATIONAL STANDARD BOOK NUMBER
ISBN 9780750636322
050 ## - CALL MARK
Classification number HT 166 .P81/
100 ## - STATEMENT OF RESPONSIBILITY--MAIN AUTHOR NAME
Personal name Edited by Carmona Matthew
245 #0 - TITLE STATEMENT
Title Public places, urban spaces
260 ## - PUBLICATION, DISTRIBUTION, ETC. (IMPRINT)
Place of publication Oxford
260 ## - PUBLICATION, DISTRIBUTION, ETC. (IMPRINT)
Name of publisher Architectural Press
260 ## - PUBLICATION, DISTRIBUTION, ETC. (IMPRINT)
Year of publication 2003
300 ## - PHYSICAL DESCRIPTION
Number of Pages 12 p
650 ## - SUBJECT ADDED ENTRY--TOPICAL TERM
Topical Term City planning. Architectural design.
942 ## - ADDED ENTRY ELEMENTS (KOHA)
Koha item type Books
Holdings
Withdrawn status Lost status Source of classification or shelving scheme Damaged status Not for loan Permanent Location Current Location Shelving location Date acquired Accession Number Price effective from Koha item type
    Library of Congress Classification     NILE UNIVERSITY OF NIGERIA - MAIN LIBRARY NILE UNIVERSITY OF NIGERIA - MAIN LIBRARY Items on shelf 04/23/2025 0196282 04/23/2025 Books